Studies in the glossators of the Roman law. Newly discovered writings of the twelfth century.

Salvato in:
Dettagli Bibliografici
Autore principale: Kantorowicz, Hermann (edited and explained)
Altri autori: Buckland, William Warwick (collaboration)
Natura: Libro
Pubblicazione: Aalen, Deutschland: Scientia Verlag, 1969.
Edizione:Reprint of the edition Cambridge 1938.
Soggetti:
Tags: Aggiungi Tag
Nessun Tag, puoi essere il primo ad aggiungerne!!

MARC

LEADER 00000nam a22000007a 4500
003 CL-VaPUC
005 20220822114614.0
008 220713t1969 ||||| |||| 00| 0 eng d
999 |c 436970  |d 436968 
020 |a 3511006414 
040 |c Pontificia Universidad Católica de Valparaíso 
082 7 |a 340.54 KAN 1969  |2 22 
100 1 |a Kantorowicz, Hermann   |e edited and explained  |9 872765 
245 |a Studies in the glossators of the Roman law.  |b Newly discovered writings of the twelfth century. 
250 |a Reprint of the edition Cambridge 1938. 
260 |a Aalen, Deutschland:  |b Scientia Verlag,  |c 1969. 
300 |a 355 páginas. 
500 |a c.1 Donación Familia Prof. Alejandro Guzmán Brito. With addenda et corrigenda by Peter Weimar 
583 |c 20220713  |k Catalogador Asistente 
650 |a Derecho romano  |x Glosarios  |9 872875 
700 |a Buckland, William Warwick  |e collaboration  |9 872766 
942 |2 ddc  |c BK  |n 0 
952 |0 0  |1 0  |2 ddc  |4 0  |6 340_540000000000000_KAN_1969  |7 0  |8 C_AGB  |9 584705  |a BIBDER  |b BIBDER  |d 2022-07-13  |e Donación  |i 5652906  |o 340.54 KAN 1969  |p 5652906  |r 2023-01-25  |t 1  |w 2022-07-13  |y BK_US  |k AGB